Catálogo

Vista normal Vista MARC

Entrada Personal Name

Número de registros utilizados en: 1

001 - CONTROL NUMBER

  • control field: 9918

003 - CONTROL NUMBER IDENTIFIER

  • control field: DLC

005 - DATE AND TIME OF LATEST TRANSACTION

  • control field: 20210506160118.0

008 - FIXED-LENGTH DATA ELEMENTS

  • fixed length control field: 081205n| azannaabn |a aaa c

010 ## - LIBRARY OF CONGRESS CONTROL NUMBER

  • LC control number: no2008180155

035 ## - SYSTEM CONTROL NUMBER

  • System control number: (OCoLC)oca07956425

040 ## - CATALOGING SOURCE

  • Original cataloging agency: ICU
  • Language of cataloging: spa
  • Description conventions: rda
  • Transcribing agency: Mx-PuUPA
  • Modifying agency: ICU
  • Modifying agency: NNU-L
  • Modifying agency: Mx-PuUPA

046 ## - SPECIAL CODED DATES

  • Birth date: 1977
  • Source of date scheme: edtf

100 1# - HEADING--PERSONAL NAME

  • Personal name: González-Varas Ibáñez, Alejandro,
  • Dates associated with a name: 1977

370 ## - ASSOCIATED PLACE

  • Place of birth: Léon (España)
  • Associated country: España
  • Other associated place: Zaragoza (España)
  • Source of term: naf

372 ## - FIELD OF ACTIVITY

  • Field of activity: Dercho
  • Field of activity: Derecho Canónico
  • Source of term: lcsh

373 ## - ASSOCIATED GROUP

  • Associated group: Universidad de Zaragoza
  • Source of term: naf

374 ## - OCCUPATION

  • Occupation: Miembro de la facultad universitaria y Colegio Universitario
  • Source of term: lcdgt

374 ## - OCCUPATION

  • Occupation: Profesor de derecho
  • Source of term: lcsh

375 ## - GENDER

  • Gender: male

375 ## - GENDER

  • Gender: hombre
  • Source of term: lcdgt

377 ## - ASSOCIATED LANGUAGE

  • Language code: spa

400 1# - SEE FROM TRACING--PERSONAL NAME

  • Personal name: Varas Ibáñez, Alejandro González-

400 1# - SEE FROM TRACING--PERSONAL NAME

  • Personal name: Ibáñez, Alejandro González-Varas

670 ## - SOURCE DATA FOUND

  • Source citation: La protección jurídico-canónica y secular de los peregrinos de la Edad Media, 2003:
  • Information found: t.p. (Alejandro González-Varas Ibáñez) p. 109 (Profesor Titular de Derecho eclesiático del Estado Universidad de Zaragosa)

670 ## - SOURCE DATA FOUND

  • Source citation: Bibliotheque national de France via VIAF, April 4, 2013 :
  • Information found: hdg. González-Varas Ibáñez, Alejandro (naissance 1977, Léon (espagne), docteur en droit)

670 ## - SOURCE DATA FOUND

  • Source citation: Biblioteca del congreso (Estados Unidos), 06 septiembre 2019:
  • Information found: Catálogo electrónico
  • Uniform Resource Identifier: http://bit.ly/2kjusJP